| 000 | 00414nam a2200157 i 4500 | ||
|---|---|---|---|
| 001 | 101221 | ||
| 003 | ES-MaACL | ||
| 005 | 20230906182841.0 | ||
| 007 | t| | ||
| 008 | 051014s1909 fr ||||1| fre d | ||
| 100 | 1 |
_aMaxwell, Joseph. _979316 |
|
| 245 | 1 | 3 |
_aLe crime et la societé / _cpar Joseph Maxwell. |
| 260 |
_aParis : _bE. Flammarion, _c1909. |
||
| 300 |
_a360 p. ; _c19 cm. |
||
| 852 |
_aES-MaACL _jF-6137 |
||
| 999 |
_c101221 _d101221 |
||